000 00338nam a2200145Ia 4500
008 191201s2007 xx 000 0 und d
082 _a658.4034
_bTAO
100 _aTAHA, Hamdy A
245 0 _aOperations Research: An Introduction
250 _a8th
260 _aN.Delhi
_bPHI
_c2007
300 _a833
650 _aMBA
942 _2ddc
_cBK
999 _c2665
_d2665